00394nam a22001337a 4500010001400000020002600014035001700040037003000057100001600087245004600103260003400149270005800183300001900241 a1718CH-EN a9788190960625c450.00 ab-679867-879 aDPLbKids Knowledge Bank  aVerma, Anis aWhat causes allergies ? /cby Anis Verma  aDelhi bKids Knowledge c2016 a7/20, 60 Feet Road, Yudhishtra Gali, bDelhi e110032 a56p.c25cm(Hb)